000 00522nam a2200217Ia 4500
008 101110s9999 xx 000 0 und d
041 _aMARATHI
082 _bJR6297
_a891.461
100 _aPandit Ram (Ed.)
245 _aHa jalotsav Dipavali 2009
260 _c2009
_bAnand Zerox, Thane
300 _a168
365 _b70
520 _aMarathi
546 _aMARATHI
630 _aHa jalotsav Dipavali 2009
650 _aMarathi
655 _aMarathi
730 _aHa jalotsav Dipavali 2009
942 _cBOOK
999 _c797090
_d797087